000 00786nam a2200229Ii 4500
003 JO-AjNU
008 230605s9999||||xx |||||||||||||| ||und||
017 _a2000/11/2979
020 _a9957-11-166-3
040 _aJO-AjNU
_bara
_erda
_cJO-AjNU
041 _aara
050 1 4 _aHB71.S3222.2001
100 3 _aالسبهاني،عبدالجبار حمد عبيد,
_eauthor
_930546
245 0 0 _aالوجيز في الفكر الاقتصادي الوضعي والاسلامي
250 _aط1
264 3 1 _aعمان:دار وائل للنشر والتوزيع،2001
300 _aص355ص
336 _atext
_btxt
_2rdacontent
337 _aunmediated
_bn
_2rdamedia
338 _avolume
_bnc
_2rdacarrier
650 4 _aالاقتصاد -الفكر -اقتصاد اسلامي
_930547
999 _aA12122
_c15690
_d15690